Prospectus, regulations and syllabus of examinations (Record no. 105686)

MARC details
000 -LEADER
fixed length control field 00642cam a2200169 4500
001 - CONTROL NUMBER
control field ##L134468
008 - FIXED-LENGTH DATA ELEMENTS--GENERAL INFORMATION
fixed length control field 060808n 000 0 eng u
035 ## - SYSTEM CONTROL NUMBER
System control number (Sirsi) u134468
041 0# - LANGUAGE CODE
Language code of text/sound track or separate title eng
050 04 - LIBRARY OF CONGRESS CALL NUMBER
Classification number 333.0062 $2 18
110 2# - MAIN ENTRY--CORPORATE NAME
Corporate name or jurisdiction name as entry element National Association of Auctioneers, House Agents, Rating Surveyors and Valuers
9 (RLIN) 4989
245 00 - TITLE STATEMENT
Title Prospectus, regulations and syllabus of examinations
Remainder of title bye-laws, membership, subscriptions, fees and general information
260 ## - PUBLICATION, DISTRIBUTION, ETC.
Place of publication, distribution, etc. [S.l.]
Name of publisher, distributor, etc. [s.n.]
Date of publication, distribution, etc. [between 1924 and ?] (Wembley
Name of publisher, distributor, etc. Wembley Press)
300 ## - PHYSICAL DESCRIPTION
Extent 20p.
Dimensions 22cm.
690 ## - LOCAL SUBJECT ADDED ENTRY--TOPICAL TERM (OCLC, RLIN)
Topical term or geographic name as entry element CAREERS, EDUCATION AND TRAINING-QUALIFICATION ROUTES
942 ## - ADDED ENTRY ELEMENTS (KOHA)
Suppress in OPAC 0

No items available.